Földrajzi tapasztalatok Spanyolországban
Elmentve itt :
| Dokumentumtípus: | Cikk |
|---|---|
| Megjelent: |
1974-10-20
|
| Sorozat: | Délmagyarország
64 No. 246 |
| Kulcsszavak: | Előadóülés (földrajzi) Szakülések |
| Online Access: | http://dmarchiv.bibl.u-szeged.hu/88739 |
| LEADER | 00439nab a2200145 i 4500 | ||
|---|---|---|---|
| 001 | delm88739 | ||
| 005 | 20190409131941.0 | ||
| 008 | 190409s1974 hu o 0|| hun d | ||
| 040 | |a SZTE Délmagyarország Archívum |b hun | ||
| 041 | |a hun | ||
| 245 | 0 | 0 | |a Földrajzi tapasztalatok Spanyolországban |h [elektronikus dokumentum] |
| 260 | |c 1974-10-20 | ||
| 300 | |a 12 | ||
| 490 | 0 | |a Délmagyarország |v 64 No. 246 | |
| 695 | |a Előadóülés (földrajzi) Szakülések | ||